| 000 | 00577nam a22001577a 4500 | ||
|---|---|---|---|
| 003 | SGT | ||
| 020 | _a9788131518137 | ||
| 082 | _a658.3,MAT | ||
| 100 | _aMATHIS, ROBERT L. | ||
| 245 |
_aHUMAN RESOURCE MANAGEMENT _bA SOUTH- ASIAN PERSPECTIVE |
||
| 260 |
_aNEW DELHI _bCENGAGE LEARNING _c2014 |
||
| 300 | _a729 | ||
| 650 | _aMANAGEMENT | ||
| 653 | _aHUMAN RESOURCE MANAGEMENT, STRATEGIC HR MANAGEMENT AND PLANNING 40, EQUAL EMPLOYMENT OPPORTUNITY, STAFFING FOR HUMAN RESOURCES, TARING AND DEVELOPMENT,PERFORMANCE AND COMPENSATION ,EMPLOYEE RELATIONS | ||
| 942 |
_2ddc _cFCM _014 |
||
| 999 |
_c9017 _d9017 |
||